| 000 | 00444nam a22001457a 4500 | ||
|---|---|---|---|
| 008 | 230510b |||||||| |||| 00| 0 eng d | ||
| 040 |
_aNational Science Library _cNational Science Library |
||
| 080 |
_aR 061.22.021:54(420) _bJ3 |
||
| 245 | _aChemical society list of fellows corrected to September 1952 | ||
| 260 |
_aLondon: _bBurlington House, _c1953 |
||
| 300 | _a242p. | ||
| 650 | _aChemistry | ||
| 653 | _aSociety | ||
| 942 |
_2udc _cREF |
||
| 999 |
_c28452 _d28452 |
||